Online
Catalog

Denuncias de luz / (Record no. 49701)

MARC details
000 -CABECERA
campo de control de longitud fija 00950nam a2200253 4500
003 - IDENTIFICADOR DEL NÚMERO DE CONTROL
campo de control OSt
005 - FECHA Y HORA DE LA ÚLTIMA TRANSACCIÓN
campo de control 20220531084011.0
008 - DATOS DE LONGITUD FIJA--INFORMACIÓN GENERAL
campo de control de longitud fija 210325b ||||| |||| 00| 0 eng d
020 ## - NÚMERO INTERNACIONAL ESTÁNDAR DEL LIBRO
Número Internacional Estándar del Libro 978-9945-608-11-3
040 ## - FUENTE DE LA CATALOGACIÓN
Centro catalogador/agencia de origen DO-SdBNP
Lengua de catalogación spa
Centro/agencia transcriptor BNPHU
082 #4 - NÚMERO DE LA CLASIFICACIÓN DECIMAL DEWEY
Número de clasificación PR863.5
Número de documento/Ítem S235d
Número de edición 22
100 1# - ENTRADA PRINCIPAL--NOMBRE DE PERSONA
Nombre de persona Santiago Torres, Alinaluz,
Fechas asociadas al nombre 1956-
9 (RLIN) 30226
245 01 - MENCIÓN DE TÍTULO
Título Denuncias de luz /
Mención de responsabilidad, etc. Alinaluz Santiago Torre.
260 ## - PUBLICACIÓN, DISTRIBUCIÓN, ETC.
Lugar de publicación, distribución, etc. San Juan :
Nombre del editor, distribuidor, etc. Isla Negra,
Fecha de publicación, distribución, etc. 2018.
300 ## - DESCRIPCIÓN FÍSICA
Extensión 62 p. ;
Dimensiones 21 cm.
490 1# - MENCIÓN DE SERIE
Mención de serie El rostro y la máscara
500 ## - NOTA GENERAL
Nota general Incluye datos biográficos de autora en la solapa de la cubierta
505 ## - NOTA DE CONTENIDO CON FORMATO
Nota de contenido con formato Beraka --
Título Exilio --
-- Retirada --
-- Cacerolas --
-- Girasoles --
-- Esencias --
-- Luto --<br/>
-- Pret-a-Porter --
-- Redundancias.
590 ## - NOTA LOCAL (RLIN)
Nota local Inventariado 2021/Saquino
650 #4 - PUNTO DE ACCESO ADICIONAL DE MATERIA--TÉRMINO DE MATERIA
Término de materia o nombre geográfico como elemento de entrada Cuentos Puertorriqueños
9 (RLIN) 78294
650 #0 - PUNTO DE ACCESO ADICIONAL DE MATERIA--TÉRMINO DE MATERIA
Término de materia o nombre geográfico como elemento de entrada Literatura Puertorriqueña
9 (RLIN) 6540
910 ## - DATOS DE OPCIÓN DEL USUARIO (OCLC)
Datos de opción del usuario Saquino/Validado. Control de calidad MFF
942 ## - ELEMENTOS DE PUNTO DE ACCESO ADICIONAL (KOHA)
Fuente del sistema de clasificación o colocación Dewey Decimal Classification
Tipo de ítem Koha Libro
Holdings
Estado de retiro Estado de pérdida Fuente del sistema de clasificación o colocación Restricciones de uso No para préstamo Código de colección Localización permanente Ubicación/localización actual Fecha de adquisición Fuente de adquisición Total de préstamos Signatura topográfica completa Código de barras Fecha visto por última vez Precio válido a partir de Tipo de ítem Koha Nota pública Número de copia
    Dewey Decimal Classification   Préstamo en sala Monografías: Libros y Folletos Biblioteca Nacional Pedro Henríquez Ureña General 25.03.2021 Deposito Legal   BNPHU DS PR863.5 S235d 2021-1276 25.03.2021 25.03.2021 Libro Inventariado, 2021/SA/Validado. Control de calidad MFF e.3
    Dewey Decimal Classification Préstamo restringido   Monografías: Libros y Folletos Biblioteca Nacional Pedro Henríquez Ureña Patrimonio Dominicano 25.03.2021 Deposito Legal   BNPHU PD PR863.5 S235d 2021-1274 25.03.2021 25.03.2021 Libro Inventariado, 2021/SA/Validado. Control de calidad MFF  
    Dewey Decimal Classification Préstamo restringido   Monografías: Libros y Folletos Biblioteca Nacional Pedro Henríquez Ureña Patrimonio Dominicano 25.03.2021 Deposito Legal   BNPHU PD PR863.5 S235d 2021-1275 25.03.2021 25.03.2021 Libro Inventariado, 2021/SA/Validado. Control de calidad MFF e.2

Powered by Koha